ბათუმის შოთა რუსთაველის სახელმწიფო უნივერსიტეტის ბიბლიოთეკა

European Union Politics : (ბიბ.ჩანაწერი № 58777)

000 -LEADER
fixed length control field 01011nam a22002057a 4500
005 - DATE AND TIME OF LATEST TRANSACTION
control field 20220721154740.0
008 - FIXED-LENGTH DATA ELEMENTS--GENERAL INFORMATION
fixed length control field 220721s2022en xxu||||| |||| 00| 0 eng d
020 ## - INTERNATIONAL STANDARD BOOK NUMBER
International Standard Book Number 9789941498817
041 ## - LANGUAGE CODE
Language code of text/sound track or separate title geo
080 ## - UNIVERSAL DECIMAL CLASSIFICATION NUMBER
Universal Decimal Classification number 341.217(4)+339.92 T-29
100 ## - MAIN ENTRY--PERSONAL NAME
Personal name Tebidze, Jaba
9 (RLIN) 14471
245 ## - TITLE STATEMENT
Title European Union Politics :
Remainder of title EU as an International Legal Actor Law and International Relations /
Statement of responsibility, etc. Jaba Tebidze.
250 ## - EDITION STATEMENT
Edition statement 3rd Edition.
264 ## - PRODUCTION, PUBLICATION, DISTRIBUTION, MANUFACTURE, AND COPYRIGHT NOTICE
Place of production, publication, distribution, manufacture Tbilisi :
Name of producer, publisher, distributor, manufacturer Mtsignobari,
Date of production, publication, distribution, manufacture, or copyright notice 2022.
300 ## - PHYSICAL DESCRIPTION
Extent 228 p. ;
Other physical details 20 cm.
505 ## - FORMATTED CONTENTS NOTE
Formatted contents note ბიბლიოგრაფია: გვ. 217-228.
600 ## - SUBJECT ADDED ENTRY--PERSONAL NAME
Source of heading or term ავტორი მითითებულია თავფურცლის მეორე გვერდზე.
653 ## - INDEX TERM--UNCONTROLLED
keyword ევროკავშირის პოლიტიკა : როგორც საერთაშორისო სამართლებრივი აქტორი და საერთაშორისო ურთიერთობები
942 ## - ADDED ENTRY ELEMENTS (KOHA)
Source of classification or shelving scheme
Koha item type წიგნი
ეგზემპლარები
Withdrawn status Lost status Source of classification or shelving scheme Damaged status Not for loan Permanent Location Current Location Shelving location Date acquired Cost, normal purchase price Full call number Barcode Date last seen Copy number Price effective from Koha item type Public note
          ბათუმის შოთა რუსთაველის სახელმწიფო უნივერსიტეტის მთავარი ბიბლიოთეკა ბათუმის შოთა რუსთაველის სახელმწიფო უნივერსიტეტის მთავარი ბიბლიოთეკა წიგნსაცავი 2022-07-21 8.00 341.217(4)+339.92 T-29 63012 2022-07-21 63012 2022-07-21 წიგნი 8.00
          ბათუმის შოთა რუსთაველის სახელმწიფო უნივერსიტეტის მთავარი ბიბლიოთეკა ბათუმის შოთა რუსთაველის სახელმწიფო უნივერსიტეტის მთავარი ბიბლიოთეკა წიგნსაცავი 2022-07-21 8.00 341.217(4)+339.92 T-29 63013 2022-07-21 63013 2022-07-21 წიგნი 8.00